Beliebteste Vornamen 1910er - weiblich - Statistiken

Allgemein
  • Dieses Quiz wurde 485 mal gespielt
  • Das Durchschnittsergebnis liegt bei 15 aus 50
Antwortstatistiken
# Name % Korrekt
5. Anna
79%
17. Maria
78%
23. Elli / Elly
63%
27. Marie
59%
6. Elisabeth
56%
2. Hildegard
49%
1. Gertrud
44%
25. Johanna
41%
33. Emma
39%
39. Paula
39%
30. Ursula
37%
7. Margarethe / Margarete
36%
22. Luise / Louise
35%
45. Berta / Bertha
33%
19. Erika
33%
13. Frieda / Frida
33%
14. Gerda
33%
15. Charlotte
32%
8. Martha
32%
38. Klara / Clara
31%
3. Erna
30%
34. Carla / Karla
26%
16. Lieselotte / Liselotte
26%
49. Dorothea
25%
11. Irmgard
25%
46. Marianne
25%
29. Anni / Anny
24%
21. Helene
23%
9. Ilse
23%
47. Olga
23%
31. Annemarie
22%
35. Ella
22%
44. Emmi / Emmy
22%
4. Herta / Hertha
22%
41. Elsa
21%
24. Ingeborg
21%
12. Käthe / Kaethe
21%
43. Lotte
21%
36. Ruth
21%
26. Anneliese / Annelise
20%
32. Hedwig
20%
18. Else
19%
50. Ida
19%
10. Elfriede
18%
37. Grete / Grethe
17%
28. Edith
16%
48. Margot
16%
40. Wilma
15%
20. Irma
11%
42. Anita
8%
Keine übereinstimmenden Quizze gefunden
Verteilung der Resultate
Anzahl Personen mit jedem Resultat
Perzentil nach korrekt beantworteten Fragen
Ihre Resultats-Entwicklung
Sie haben dieses Quiz noch nicht gespielt